Final stage impact assessment for the Green Deal and Energy Company Obligation (Record no. 114338)

MARC details
000 -LEADER
fixed length control field 01144cad a22002175a 4500
001 - CONTROL NUMBER
control field L156641
008 - FIXED-LENGTH DATA ELEMENTS--GENERAL INFORMATION
fixed length control field 120615s2012 xxk f 000 0 eng d
035 ## - SYSTEM CONTROL NUMBER
System control number (Sirsi) u156641
041 0# - LANGUAGE CODE
Language code of text/sound track or separate title eng
110 2# - MAIN ENTRY--CORPORATE NAME
Corporate name or jurisdiction name as entry element United Kingdom
Subordinate unit Department of Energy and Climate Change
9 (RLIN) 5850
245 00 - TITLE STATEMENT
Title Final stage impact assessment for the Green Deal and Energy Company Obligation
Medium [electronic resource]
260 ## - PUBLICATION, DISTRIBUTION, ETC.
Place of publication, distribution, etc. London
Name of publisher, distributor, etc. DECC
Date of publication, distribution, etc. 2012
520 ## - SUMMARY, ETC.
Summary, etc. Final impact assessment evaluates the future contribution of the policies for the Green Deal and Energy Company Obligation. Includes the current situation in the energy efficiency market, the rationale for government intervention in the energy sector and the projections for energy saving measures in the absence of the Green Deal and ECO policies.
590 ## - LOCAL NOTE (RLIN)
Local note KA NTK
651 #4 - SUBJECT ADDED ENTRY--GEOGRAPHIC NAME
Geographic name England and Wales
Chronological subdivision 1543-
651 #4 - SUBJECT ADDED ENTRY--GEOGRAPHIC NAME
Geographic name Scotland
690 ## - LOCAL SUBJECT ADDED ENTRY--TOPICAL TERM (OCLC, RLIN)
Topical term or geographic name as entry element Sustainability
9 (RLIN) 6271
690 ## - LOCAL SUBJECT ADDED ENTRY--TOPICAL TERM (OCLC, RLIN)
Topical term or geographic name as entry element Environment
9 (RLIN) 6238
856 40 - ELECTRONIC LOCATION AND ACCESS
Uniform Resource Identifier <a href="https://www.decc.gov.uk/assets/decc/11/consultation/green-deal/5533-final-stage-impact-assessment-for-the-green-deal-a.pdf">https://www.decc.gov.uk/assets/decc/11/consultation/green-deal/5533-final-stage-impact-assessment-for-the-green-deal-a.pdf</a>
Public note View the item free of charge at www.decc.gov.uk
942 ## - ADDED ENTRY ELEMENTS (KOHA)
Suppress in OPAC 0
Holdings
Withdrawn status Lost status Source of classification or shelving scheme Damaged status Not for loan Home library Current library Shelving location Date acquired Total Checkouts Full call number Barcode Date last seen Copy number Price effective from Koha item type
    Dewey Decimal Classification     Virtual Virtual Online 15/06/2012   ONLINE PUBLICATION 156641-2001 06/08/2019 1 06/08/2019 Book